000 00553cam a2200157 a 4500
082 _a951
_bKRA
100 1 _aKrausse, Alexis Sidney,
_950283
245 1 0 _aChina in decay :
_bthe story of a disappearing empire /
_cby Alexis Krausse.
250 _aRev. ed., bringing the history of China down to June 1900.
260 _aLondon :
_bChapman & Hall,
_c1900.
300 _a400 p. :
_bill. ;
_c23 cm.
500 _aThree folded maps inserted.
526 _a0
_b0
_c0
_d951_000000000000000_KRA
650 0 _aEastern question (Far East)
_949504
942 _2ddc
_cBK
999 _c553041
_d553041